La mujer mendocina de 1800: una revolución cultural en marcha
Αποθηκεύτηκε σε:
| Κύριος συγγραφέας: | |
|---|---|
| Μορφή: | Βιβλίο |
| Γλώσσα: | Ισπανικά |
| Έκδοση: |
Mendoza
Ediciones Culturales de Mendoza
1996
|
| Θέματα: | |
| Ετικέτες: |
Προσθήκη ετικέτας
Δεν υπάρχουν, Καταχωρήστε ετικέτα πρώτοι!
|
MARC
| LEADER | 00000nam a2200000 a 4500 | ||
|---|---|---|---|
| 001 | UCT7482 | ||
| 003 | CL-VaPUC | ||
| 008 | 970123e19960000AG |||||||||||||||||spa|d | ||
| 082 | 0 | 4 | |a 982 |b CAN |2 21 |
| 100 | 0 | |a Cano Rossini, Lelia |e author |9 378482 | |
| 245 | 1 | 3 | |a La mujer mendocina de 1800: una revolución cultural en marcha |
| 300 | |a 368 p | ||
| 942 | |c BK | ||
| 945 | |d 19970123 00:00:00 |a rbrito | ||
| 260 | |a Mendoza |b Ediciones Culturales de Mendoza |c 1996 | ||
| 650 | 0 | |a Mujeres |9 257649 | |
| 650 | 0 | |a Aspectos sociales |9 254894 | |
| 650 | 7 | |a HISTORIA DE ARGENTINA SIGLO 19 |2 CL-VaPUC |9 378483 | |
| 650 | 7 | |a EDUCACION DE LA MUJER |2 CL-VaPUC |9 307884 | |
| 650 | 7 | |a EMPLEO DE LAS MUJERES |2 CL-VaPUC |9 337531 | |
| 651 | 0 | |a Argentina |9 254888 | |
| 651 | 7 | |a MENDOZA |2 CL-VaPUC |9 378484 | |
| 583 | |a last modification |c 20160826 04:47:58 |k Rodrigo Vera | ||
| 999 | |c 256100 |d 256098 | ||
| 952 | |0 0 |1 0 |4 0 |6 982_000000000000000_CAN_1996 |7 0 |8 A |9 278653 |a BIBEDU |b BIBEDU |d 2019-11-19 |i 3284131 |o 982 CAN 1996 |p 3284131 |r 2019-11-19 |w 2019-11-19 |y BK |k LIT | ||
| 952 | |0 0 |1 0 |4 0 |6 982_000000000000000_CAN_1996 |7 0 |8 A |9 278654 |a BIBEDU |b BIBEDU |d 2019-11-19 |i 328414K |o 982 CAN 1996 |p 328414K |r 2019-11-19 |w 2019-11-19 |y BK |k EDU | ||